| 000 | 01660nam0a2200337 4500 | ||
|---|---|---|---|
| 001 | RU\NLR\BIBL_A\022665596 | ||
| 005 | 20251126161900.0 | ||
| 010 |
_a978-5-04-217061-4 _92000 |
||
| 021 |
_aRU _bКН-П-25-060081 _9КН-П-25-5794 |
||
| 035 | _a(NLR Aleph) 022665596 | ||
| 090 |
_a13470446 _c13470446 |
||
| 100 | _a20251114d2025 u y0rusy50 ca | ||
| 101 | 1 |
_arus _ceng |
|
| 102 | _aRU | ||
| 105 | _aa z 000zy | ||
| 181 | 0 |
_ab3 _bbb2e |
|
| 181 | 0 |
_ai2 _baxxe |
|
| 182 | 0 | _an | |
| 200 | 1 |
_aЯпонское непрерывное вязание крючком _e60 эффективных мотивов, 5 красивых проектов _e[классическая коллекция узоров непрерывного вязания крючком без отрыва нити и способов их соединения для создания вязаного полотна] _fперевод с английского Е. С. Жбан _gглавный редактор: Р. Фасхутдинов] |
|
| 203 |
_aИзображение _aТекст _bвизуальные _cнепосредственные |
||
| 210 |
_aМосква _cЭксмо _d2025 |
||
| 215 |
_a176 с. _cил., цв. ил. _d26 |
||
| 225 | 1 |
_aЗвезды рукоделия _iБестселлер из Японии |
|
| 333 | _a12+ | ||
| 606 | 1 |
_aВязание крючком _2nlr_sh1 _2nlr_sh2 _3RU\NLR\AUTH\661255404 |
|
| 686 | 1 | _aМ483 | |
| 702 | 1 |
_aФасхутдинов _bР. Р. _gРашид Рифович _3RU\NLR\AUTH\770153414 _4340 |
|
| 942 | _cBOOK | ||
| 980 | _aNB | ||